[Event "ICS rated standard match"]
[Site "204.178.125.65"]
[Date "2000.08.05"]
[Round "?"]
[White "nitmo"]
[Black "Hossa"]
[Result "0-1"]
[WhiteElo "1971"]
[BlackElo "2372"]
[PlyCount "92"]
[EventDate "2000.??.??"]

1. e4 e5 2. Nf3 d6 3. d4 exd4 4. Nxd4 g6 5. f4 Bg7 6. Nc3 Nh6 7. Be2 f5 8. O-O
fxe4 9. Nxe4 O-O 10. c3 d5 11. Ng5 Qd6 12. Kh1 c6 13. a4 Nf5 14. Nxf5 Bxf5 15.
Bd3 h6 16. Bxf5 gxf5 17. Nf3 Nd7 18. Nd4 c5 19. Nf3 Rae8 20. Re1 Rxe1+ 21. Qxe1
Nf6 22. Qe5 Ne4 23. Qxd6 Nxd6 24. Bd2 Nc4 25. Re1 Nxb2 26. Re7 Nxa4 27. Rxb7
Nxc3 28. Bxc3 Bxc3 29. Rxa7 Rb8 30. g3 Rb1+ 31. Kg2 Bf6 32. Ra6 Kg7 33. Ne5
Bxe5 34. fxe5 Rb2+ 35. Kf3 Rxh2 36. Rd6 d4 37. Rd5 Rc2 38. g4 Kg6 39. e6 fxg4+
40. Kxg4 Kf6 41. Rd6 Rc1 42. Kf3 h5 43. Ke2 h4 44. Kd2 Rc3 45. e7+ Kxe7 46. Rh6
h3 {nitmo resigns} 0-1

[Event "ICS rated standard match"]
[Site "204.178.125.65"]
[Date "2000.08.05"]
[Round "?"]
[White "Hossa"]
[Black "nitmo"]
[Result "1-0"]
[WhiteElo "2375"]
[BlackElo "1968"]
[PlyCount "141"]
[EventDate "2000.??.??"]

1. e4 e5 2. Nf3 Nc6 3. Bc4 Nf6 4. Ng5 d5 5. exd5 Na5 6. d3 h6 7. Nf3 e4 8. Nfd2
Nxc4 9. dxc4 Bc5 10. O-O Bg4 11. Qe1 O-O 12. Nxe4 Re8 13. Nxf6+ Qxf6 14. Be3
Qxb2 15. Qc3 Qxc3 16. Nxc3 Bxe3 17. fxe3 Rxe3 18. Nb5 c6 19. Nd6 cxd5 20. cxd5
Rd8 21. Nxb7 Rxd5 22. Rf4 Be6 23. Rf2 Rc3 24. Rb1 Rd7 25. a4 Rdc7 26. Rb2 g6
27. Nd6 Ra3 28. Rf1 Rxa4 29. Rb8+ Kh7 30. Ne8 Rc8 31. Rxc8 Bxc8 32. Rxf7+ Kg8
33. Rc7 Bf5 34. Nf6+ Kf8 35. c4 a5 36. c5 Rc4 37. Kf2 a4 38. Ke3 a3 39. Ra7
Rc3+ 40. Kd4 Rd3+ 41. Ke5 Re3+ 42. Kd5 Rd3+ 43. Kc4 Re3 44. Kb4 Re2 45. Nh7+
Kg8 46. g4 Be6 47. g5 hxg5 48. Nxg5 Bf5 49. Kxa3 Rxh2 50. Kb4 Rg2 51. Nh7 Rb2+
52. Kc3 Rb1 53. Rc7 Rc1+ 54. Kd4 Rd1+ 55. Ke3 Re1+ 56. Kd2 Re5 57. c6 Rd5+ 58.
Ke3 Rd3+ 59. Kf4 Rc3 60. Nf6+ Kf8 61. Nd5 Rc4+ 62. Ke5 Re4+ 63. Kd6 Re6+ 64.
Kc5 Re5 65. Rh7 Kg8 66. Re7 Re6 67. Rxe6 Bxe6 68. c7 Kf7 69. Kd6 g5 70. Nb6 g4
71. Nd7 {nitmo resigns} 1-0

[Event "ICS rated standard match"]
[Site "204.178.125.65"]
[Date "2000.08.05"]
[Round "?"]
[White "vab"]
[Black "Hossa"]
[Result "0-1"]
[WhiteElo "2096"]
[BlackElo "2378"]
[PlyCount "79"]
[EventDate "2000.??.??"]

1. e4 e5 2. Nf3 d6 3. Bc4 Be7 4. c3 Nf6 5. d3 c6 6. h3 d5 7. exd5 cxd5 8. Bb5+
Bd7 9. Qa4 Nc6 10. O-O O-O 11. Qd1 e4 12. dxe4 dxe4 13. Bxc6 Bxc6 14. Nd4 Bd5
15. Bg5 Bc4 16. Re1 Qd5 17. Bf4 Bxa2 18. Nd2 Bc4 19. Nxc4 Qxc4 20. Bg5 Rfe8 21.
Qc2 Qd5 22. Qd2 a6 23. Rad1 Rad8 24. Qe3 b6 25. Ne2 Qxd1 26. Rxd1 Rxd1+ 27. Kh2
Nd5 28. Qg3 Bxg5 29. Qxg5 e3 30. fxe3 Nxe3 31. Nf4 Nf1+ 32. Kg1 h6 33. Qh4 Ne3+
34. Kh2 Rd2 35. Kg1 Re4 36. Qg3 Rd1+ 37. Kf2 Rf1+ 38. Ke2 Nf5+ 39. Kxf1 Nxg3+
40. Kf2 {vab resigns} 0-1

[Event "ICS rated standard match"]
[Site "204.178.125.65"]
[Date "2000.08.06"]
[Round "?"]
[White "Hossa"]
[Black "vab"]
[Result "1-0"]
[WhiteElo "2383"]
[BlackElo "2091"]
[PlyCount "73"]
[EventDate "2000.??.??"]

1. e4 e5 2. Nf3 Nc6 3. Bc4 Bc5 4. c3 Nf6 5. d3 d6 6. h3 O-O 7. Bg5 h6 8. Bh4
Be6 9. b4 Bxc4 10. bxc5 Be6 11. cxd6 Qxd6 12. O-O Nh7 13. Qe2 f6 14. Rd1 Rad8
15. Qb2 b6 16. Na3 a6 17. d4 exd4 18. cxd4 Bf7 19. Bg3 Qe7 20. Rac1 Be8 21. d5
Ne5 22. Nxe5 fxe5 23. Bxe5 Rd7 24. Re1 Nf6 25. Rxc7 Rxc7 26. d6 Qe6 27. dxc7
Bd7 28. Qd4 Ne8 29. Rc1 Bc8 30. Nc4 Qg6 31. Nxb6 Bxh3 32. Bg3 Nxc7 33. Rxc7 Be6
34. Nd5 Qg4 35. Be5 Rf7 36. Ne7+ Kh7 37. Qd8 {vab resigns} 1-0

[Event "ICS rated standard match"]
[Site "204.178.125.65"]
[Date "2000.08.06"]
[Round "?"]
[White "MasterMart"]
[Black "Hossa"]
[Result "0-1"]
[WhiteElo "2250"]
[BlackElo "2388"]
[PlyCount "60"]
[EventDate "2000.??.??"]

1. d4 d5 2. c4 e6 3. Nc3 Nf6 4. Bg5 Be7 5. e3 Nbd7 6. Nf3 O-O 7. Bd3 dxc4 8.
Bxc4 Ng4 9. Bxe7 Qxe7 10. h3 Ngf6 11. O-O c5 12. Qe2 cxd4 13. Nxd4 Ne5 14. Bb3
Bd7 15. Rfd1 Rfd8 16. Rac1 a6 17. a3 Rac8 18. Ba2 b5 19. Rc2 Nc6 20. Nxc6 Bxc6
21. Rdc1 Bb7 22. Rd2 Rxd2 23. Qxd2 Rd8 24. Qe2 Qc5 25. Rd1 Rc8 26. Bb1 Qg5 27.
Qf1 Bc6 28. Rd4 a5 29. Ne4 Nxe4 30. Bxe4 e5 {MasterMart resigns} 0-1

[Event "ICS rated blitz match"]
[Site "204.178.125.65"]
[Date "2000.08.06"]
[Round "?"]
[White "Tinker"]
[Black "Hossa"]
[Result "0-1"]
[WhiteElo "2419"]
[BlackElo "2533"]
[PlyCount "92"]
[EventDate "2000.??.??"]

1. e4 e5 2. Nc3 Nf6 3. Nf3 Nc6 4. d4 exd4 5. Nxd4 Bb4 6. Nxc6 bxc6 7. Bg5 h6 8.
Bd2 O-O 9. f3 d5 10. Bd3 Rb8 11. Rb1 Bc5 12. Qe2 Bd4 13. b3 Qd6 14. Na4 dxe4
15. Bxe4 Re8 16. Nc3 Bf5 17. Rd1 Qe5 18. Qd3 Nxe4 19. fxe4 Rbd8 20. h3 Bxe4 21.
Nxe4 Bb6 22. Qf3 Qxe4+ 23. Qxe4 Rxe4+ 24. Kf1 Rf4+ 25. Bxf4 Rxd1+ 26. Ke2 Rxh1
27. a4 Rg1 28. Kf3 Rf1+ 29. Kg3 f5 30. h4 Bf2+ 31. Kh2 Bxh4 32. Bxc7 h5 33. g3
Rf2+ 34. Kg1 Bxg3 35. Bxg3 Rxc2 36. Bd6 Rb2 37. b4 Kf7 38. a5 g5 39. Bc5 a6 40.
Kf1 h4 41. Bd4 Rxb4 42. Bc3 Rb1+ 43. Kg2 h3+ 44. Kh2 g4 45. Be5 Ke6 46. Bg7 c5
{Tinker resigns} 0-1

[Event "ICS rated standard match"]
[Site "204.178.125.65"]
[Date "2000.08.06"]
[Round "?"]
[White "Diony"]
[Black "Hossa"]
[Result "0-1"]
[WhiteElo "2100"]
[BlackElo "2404"]
[PlyCount "78"]
[EventDate "2000.??.??"]

1. d4 c5 2. d5 d6 3. c4 Nf6 4. Nc3 e6 5. e4 Be7 6. Bd3 O-O 7. Nge2 Nbd7 8. f4
exd5 9. exd5 Re8 10. O-O Nb6 11. h3 Kh8 12. Bd2 Rb8 13. Qc2 Bd7 14. Rae1 Ng8
15. Ng3 Bf6 16. Nh5 Bd4+ 17. Kh1 Qh4 18. Rxe8 Rxe8 19. Bf5 Bxc3 20. Bxc3 Qxh5
21. Bxd7 Nxd7 22. Qa4 Ngf6 23. Qxa7 Qe2 24. Re1 Qxc4 25. Rxe8+ Nxe8 26. Qxb7
Ndf6 27. Qxf7 Qxd5 28. Qf8+ Qg8 29. Qe7 Qxa2 30. g4 Qb1+ 31. Kh2 Qc2+ 32. Kg1
h6 33. g5 Qc1+ 34. Kg2 hxg5 35. fxg5 Qxg5+ 36. Kh1 Qf4 37. Qd8 Qf3+ 38. Kh2 Ne4
39. Qxe8+ Kh7 {Diony resigns} 0-1

[Event "ICS rated standard match"]
[Site "204.178.125.65"]
[Date "2000.08.06"]
[Round "?"]
[White "Hossa"]
[Black "expert101"]
[Result "1-0"]
[WhiteElo "2404"]
[BlackElo "2086"]
[PlyCount "35"]
[EventDate "2000.??.??"]

1. d4 d5 2. c4 c6 3. Nf3 Nf6 4. Qb3 dxc4 5. Qxc4 Be6 6. Qc2 Bd5 7. Nbd2 Bxf3 8.
Nxf3 e6 9. Bd2 Be7 10. e4 Nbd7 11. Bd3 h6 12. O-O O-O 13. Be3 Re8 14. Rac1 Nh7
15. d5 cxd5 16. exd5 Nhf8 17. dxe6 Nxe6 18. Rfd1 {expert101 resigns} 1-0

[Event "ICS rated standard match"]
[Site "204.178.125.65"]
[Date "2000.08.06"]
[Round "?"]
[White "Nightking"]
[Black "Hossa"]
[Result "0-1"]
[WhiteElo "2100"]
[BlackElo "2408"]
[PlyCount "120"]
[EventDate "2000.??.??"]

1. e4 e5 2. Nf3 d6 3. Bc4 Be7 4. h3 Nf6 5. d3 Nc6 6. O-O Na5 7. Bb3 Nxb3 8.
axb3 O-O 9. Be3 Nd7 10. Nc3 a6 11. Nd5 f5 12. Nxe7+ Qxe7 13. Bg5 Qf7 14. exf5
Qxf5 15. Qd2 Nb6 16. Nh4 Qf7 17. f4 e4 18. f5 exd3 19. f6 dxc2 20. fxg7 Qxg7
21. Bh6 Rxf1+ 22. Rxf1 c1=Q 23. Rxc1 Qe7 24. Rf1 Bd7 25. Qf4 Nd5 26. Qg3+ Kh8
27. Nf5 Bxf5 28. Rxf5 Rg8 29. Qd3 Qe1+ 30. Rf1 Qe6 31. Qd4+ Qe5 32. Qd2 Qe4 33.
Rf7 b6 34. Qf2 c5 35. Rf8 Qd4 36. Qxd4+ cxd4 37. Rf5 Ne3 38. Bxe3 dxe3 39. Rf3
Re8 40. Kf1 d5 41. Rf4 Re5 42. Ke2 Kg7 43. g4 Kg6 44. h4 b5 45. b4 h6 46. b3
Kg7 47. Rd4 Kf7 48. Rf4+ Ke7 49. Rd4 Kd6 50. Rf4 Ke6 51. Rd4 Kf6 52. Rf4+ Kg6
53. Rd4 Kg7 54. Rf4 Kg8 55. Rd4 Kh7 56. Rf4 h5 57. gxh5 Kh6 58. Rg4 Kxh5 59.
Rg5+ Rxg5 60. Kxe3 Rg3+ {Nightking resigns} 0-1

[Event "ICS rated standard match"]
[Site "204.178.125.65"]
[Date "2000.08.06"]
[Round "?"]
[White "Hossa"]
[Black "cwalter"]
[Result "1/2-1/2"]
[WhiteElo "2408"]
[BlackElo "2224"]
[PlyCount "171"]
[EventDate "2000.??.??"]

1. e4 c5 2. Nc3 Nc6 3. g3 g6 4. Bg2 Bg7 5. d3 e6 6. Nf3 Nge7 7. Be3 Qb6 8. Bc1
d5 9. O-O O-O 10. Nd2 d4 11. Nc4 Qa6 12. Ne2 b5 13. Nd2 Bb7 14. Nb3 Qb6 15. a4
a6 16. Bg5 h6 17. a5 Qa7 18. Bd2 c4 19. Nbc1 Qc5 20. Nf4 Rac8 21. c3 Rfd8 22.
Qe2 e5 23. Nd5 Nxd5 24. exd5 Ne7 25. d6 Nd5 26. cxd4 exd4 27. Bh3 Rb8 28. d7 c3
29. bxc3 dxc3 30. Be3 Qc6 31. Bg2 Qxd7 32. Rb1 Re8 33. Nb3 Qc6 34. Qa2 Qc8 35.
Bc5 Nf6 36. Bxb7 Qxb7 37. Bd4 Ng4 38. Bxg7 Kxg7 39. Nd4 b4 40. Qa4 Ne5 41. Rfe1
Red8 42. Ne6+ fxe6 43. Rxe5 Rd6 44. Qb3 Qd7 45. Rbe1 Re8 46. Qxb4 Rxd3 47. Qb3
Kh7 48. Qc4 Rc8 49. Qxe6 Qxe6 50. Rxe6 c2 51. Kg2 c1=Q 52. Rxc1 Rxc1 53. Rxa6
Ra3 54. Ra7+ Kg8 55. h4 Rc5 56. Ra8+ Kg7 57. Ra7+ Kf6 58. Ra6+ Kf5 59. h5 gxh5
60. Rxh6 Kg5 61. Rd6 Rcxa5 62. f4+ Kf5 63. Rh6 Ke4 64. Re6+ Kd4 65. Rd6+ Rd5
66. Rg6 Rb5 67. Rd6+ Kc5 68. Rh6 Rbb3 69. Rxh5+ Kd4 70. Rg5 Ra2+ 71. Kh3 Ke3
72. Rg6 Kf3 73. f5 Rb4 74. Rc6 Rb3 75. Rg6 Ra1 76. Kh4 Rb4+ 77. Kh5 Rh1+ 78.
Kg5 Kxg3 79. Rg7 Rb5 80. Kg6 Rf1 81. f6 Rb6 82. Kh7+ Kh4 83. f7 Rbf6 84. Kg8
Rxf7 85. Rxf7 Rxf7 86. Kxf7 1/2-1/2

[Event "ICS rated standard match"]
[Site "204.178.125.65"]
[Date "2000.08.06"]
[Round "?"]
[White "Mijatovic"]
[Black "Hossa"]
[Result "0-1"]
[WhiteElo "2137"]
[BlackElo "2401"]
[PlyCount "66"]
[EventDate "2000.??.??"]

1. d4 Nf6 2. Nf3 e6 3. c4 Bb4+ 4. Bd2 Be7 5. Nc3 d5 6. Bg5 h6 7. Bh4 g5 8. Bg3
Ne4 9. e3 Nxg3 10. hxg3 c6 11. Rc1 Nd7 12. Bd3 dxc4 13. Bxc4 h5 14. Qd3 g4 15.
Ne5 b5 16. Nxf7 Kxf7 17. Bb3 Nf6 18. Ne4 Qa5+ 19. Ke2 Nd5 20. Nc5 Qc7 21. e4
Nb6 22. d5 exd5 23. f4 gxf3+ 24. gxf3 Qxg3 25. Rcg1 Qe5 26. Qe3 Qxb2+ 27. Kf1
Nc4 28. Bxc4 dxc4 29. e5 Qb1+ 30. Ke2 Qxa2+ 31. Kf1 Qc2 32. e6+ Ke8 33. Rg7
Qb1+ {Mijatovic resigns} 0-1

[Event "ICS rated blitz match"]
[Site "204.178.125.65"]
[Date "2000.08.06"]
[Round "?"]
[White "Hossa"]
[Black "imbecile"]
[Result "1-0"]
[WhiteElo "2544"]
[BlackElo "1935"]
[PlyCount "55"]
[EventDate "2000.??.??"]

1. e4 e6 2. d4 d5 3. Nc3 Bb4 4. e5 Ne7 5. Nge2 c5 6. a3 Bxc3+ 7. Nxc3 cxd4 8.
Qxd4 Nbc6 9. Qg4 Nxe5 10. Qxg7 N7g6 11. h4 h5 12. Be3 Bd7 13. Nb5 Bc6 14. O-O-O
Qd7 15. Nxa7 Ba4 16. Bd4 Qc7 17. Bb5+ Bxb5 18. Nxb5 Qb8 19. Rhe1 Nc4 20. Rxe6+
fxe6 21. Qxg6+ Kd7 22. Qf7+ Kc6 23. Qxe6+ Kxb5 24. Qxd5+ Ka6 25. Qxc4+ b5 26.
Qc6+ Ka5 27. Bc3+ Ka4 28. Rd4# {imbecile checkmated} 1-0

[Event "ICS rated standard match"]
[Site "204.178.125.65"]
[Date "2000.08.06"]
[Round "?"]
[White "greekgift"]
[Black "Hossa"]
[Result "0-1"]
[WhiteElo "1956"]
[BlackElo "2403"]
[PlyCount "46"]
[EventDate "2000.??.??"]

1. e4 e5 2. Nf3 d6 3. d4 exd4 4. Qxd4 Nc6 5. Bb5 a6 6. Bxc6+ bxc6 7. c4 c5 8.
Qd3 Bb7 9. O-O Nf6 10. Bg5 Be7 11. Nc3 O-O 12. Rfe1 h6 13. Bf4 Re8 14. Rad1 Rb8
15. b3 Nh5 16. Qe3 Bf6 17. Nd5 g5 18. Bg3 Nxg3 19. hxg3 Bg7 20. g4 Bc8 21. Nh2
c6 22. Nc3 Bd4 23. Qd3 Qf6 {greekgift resigns} 0-1

[Event "ICS rated standard match"]
[Site "204.178.125.65"]
[Date "2000.08.06"]
[Round "?"]
[White "Hossa"]
[Black "greekgift"]
[Result "1-0"]
[WhiteElo "2405"]
[BlackElo "1970"]
[PlyCount "43"]
[EventDate "2000.??.??"]

1. e4 c5 2. Nf3 d6 3. d4 cxd4 4. Nxd4 Nf6 5. Nc3 g6 6. Be3 Bg7 7. f3 O-O 8. Bc4
Nc6 9. Bb3 Qa5 10. O-O Nxd4 11. Bxd4 Be6 12. Qd2 Rac8 13. Rfe1 Rfd8 14. Qe3 b6
15. Bxe6 fxe6 16. e5 Nd7 17. exd6 e5 18. dxe7 Re8 19. Ne4 exd4 20. Qb3+ Kh8 21.
Nd6 Qc5 22. Nf7+ {greekgift resigns} 1-0

[Event "ICS rated blitz match"]
[Site "204.178.125.65"]
[Date "2000.08.06"]
[Round "?"]
[White "Hossa"]
[Black "cmslim"]
[Result "0-1"]
[WhiteElo "2545"]
[BlackElo "2816"]
[PlyCount "148"]
[EventDate "2000.??.??"]

1. e4 c5 2. Nc3 Nc6 3. g3 g6 4. Bg2 Bg7 5. d3 d6 6. Nge2 e6 7. O-O Nge7 8. Kh1
a6 9. Be3 b5 10. a3 Bb7 11. Qd2 Ne5 12. Bh6 Bf6 13. f3 d5 14. exd5 exd5 15. b4
Nf5 16. bxc5 Nxh6 17. Qxh6 Bg5 18. Qh3 O-O 19. g4 Bf6 20. f4 Nd7 21. d4 Bh8 22.
f5 Nf6 23. fxg6 hxg6 24. Qf3 Ne4 25. Qf4 Nxc3 26. Nxc3 Bc6 27. Rae1 Ra7 28. Kg1
Bg7 29. Re2 f5 30. g5 Kf7 31. Rfe1 Qc7 32. Qd2 Rd8 33. Re6 Qc8 34. Qe3 Rc7 35.
Rxc6 Rxc6 36. Bxd5+ Rxd5 37. Nxd5 Re6 38. Qxe6+ Qxe6 39. Rxe6 Bxd4+ 40. Kg2
Kxe6 41. Nf4+ Kf7 42. c6 Be5 43. Nd5 Ke6 44. c7 Kd7 45. Ne7 Bxc7 46. Nxg6 Bd6
47. h4 Bxa3 48. h5 Bc1 49. Ne5+ Ke6 50. g6 Kf6 51. Nf7 Bb2 52. Nd6 Kg5 53. Ne8
Kh6 54. Kg3 Be5+ 55. Kh3 b4 56. Kh4 a5 57. g7 Bxg7 58. Nd6 Bf6+ 59. Kh3 a4 60.
Nxf5+ Kh7 61. Nd6 a3 62. Ne4 b3 63. Nxf6+ Kg7 64. Ne8+ Kf8 65. h6 a2 66. h7
a1=Q 67. Nc7 bxc2 68. Ne6+ Ke8 69. Kg3 c1=Q 70. Kg4 Qc4+ 71. Nf4 Qg1+ 72. Kf5
Qcc5+ 73. Kf6 Qe7+ 74. Kf5 Qgg5# {Hossa checkmated} 0-1

[Event "ICS rated standard match"]
[Site "204.178.125.65"]
[Date "2000.08.06"]
[Round "?"]
[White "alkhateeb"]
[Black "Hossa"]
[Result "1-0"]
[WhiteElo "2260"]
[BlackElo "2407"]
[PlyCount "85"]
[EventDate "2000.??.??"]

1. d4 c5 2. e3 Nf6 3. Nf3 e6 4. Bd3 d5 5. c3 Bd6 6. Ne5 O-O 7. f4 Nc6 8. Nd2
cxd4 9. exd4 Qb6 10. g4 Qc7 11. g5 Ne8 12. Qh5 g6 13. Qg4 Ng7 14. h4 Nh5 15.
Nf1 b5 16. Ng3 Nxg3 17. Qxg3 b4 18. Bd2 bxc3 19. bxc3 Ba3 20. Ng4 Ne7 21. h5 h6
22. Nf6+ Kg7 23. hxg6 fxg6 24. Rxh6 Rg8 25. Bxg6 Kf8 26. Nxg8 Nxg8 27. Rh7 Be7
28. Qh4 Ba6 29. Kf2 Rd8 30. Re1 Bc8 31. f5 e5 32. Rxe5 Qxe5 33. dxe5 Bc5+ 34.
Be3 Bxe3+ 35. Kxe3 d4+ 36. cxd4 Rd7 37. e6 Re7 38. d5 Bxe6 39. dxe6 a5 40. Rh8
Rc7 41. f6 Rg7 42. Qh6 a4 43. Qxg7# {Hossa checkmated} 1-0

[Event "ICS rated standard match"]
[Site "204.178.125.65"]
[Date "2000.08.06"]
[Round "?"]
[White "Hossa"]
[Black "bibo"]
[Result "1-0"]
[WhiteElo "2385"]
[BlackElo "2143"]
[PlyCount "51"]
[EventDate "2000.??.??"]

1. d4 g6 2. c4 Bg7 3. Nc3 d6 4. e4 Nc6 5. d5 Nd4 6. Be3 c5 7. Nge2 Qb6 8. Rb1
e5 9. dxe6 Bxe6 10. Nf4 Ne7 11. Bd3 O-O 12. O-O Nec6 13. Ncd5 Qd8 14. Re1 Qd7
15. f3 Bxd5 16. Nxd5 Nb4 17. Nxb4 cxb4 18. Bf1 Nc6 19. Qd5 Rad8 20. Red1 Qe6
21. Bf4 Be5 22. Bh6 Rfe8 23. Bg5 f6 24. Be3 Qxd5 25. cxd5 Ne7 26. f4 {
bibo resigns} 1-0

[Event "ICS rated standard match"]
[Site "204.178.125.65"]
[Date "2000.08.06"]
[Round "?"]
[White "Pennswoodpusher"]
[Black "Hossa"]
[Result "0-1"]
[WhiteElo "2084"]
[BlackElo "2391"]
[PlyCount "52"]
[EventDate "2000.??.??"]

1. e4 e5 2. Bc4 Bc5 3. b4 Bxb4 4. f4 exf4 5. c3 Be7 6. Nf3 Bh4+ 7. g3 fxg3 8.
O-O gxh2+ 9. Kh1 d6 10. Bxf7+ Kxf7 11. Nxh4+ Nf6 12. Nf5 Re8 13. d3 d5 14. Nd2
dxe4 15. Nxe4 Bxf5 16. Rxf5 Rxe4 17. Rxf6+ Qxf6 18. dxe4 Nc6 19. Qb3+ Kg6 20.
Bb2 Rd8 21. Qc2 Qf3+ 22. Kxh2 Qf4+ 23. Kh1 Rd2 24. Rg1+ Kh5 25. Qxd2 Qxd2 26.
Bc1 Qxc3 0-1

[Event "ICS rated standard match"]
[Site "204.178.125.65"]
[Date "2000.08.06"]
[Round "?"]
[White "Hossa"]
[Black "play4fun"]
[Result "1-0"]
[WhiteElo "2396"]
[BlackElo "2101"]
[PlyCount "24"]
[EventDate "2000.??.??"]

1. d4 f5 2. c4 Nf6 3. g3 g6 4. Bg2 Bg7 5. Nf3 O-O 6. O-O d6 7. Nc3 Na6 8. a3
Qe8 9. Qc2 e5 10. dxe5 dxe5 11. Bg5 Nc5 12. Nd5 c6 {play4fun resigns} 1-0

[Event "ICS rated standard match"]
[Site "204.178.125.65"]
[Date "2000.08.06"]
[Round "?"]
[White "Gambler"]
[Black "Hossa"]
[Result "0-1"]
[WhiteElo "1952"]
[BlackElo "2401"]
[PlyCount "126"]
[EventDate "2000.??.??"]

1. Nc3 e6 2. d4 Nf6 3. e4 Bb4 4. e5 Ne4 5. Qg4 Nxc3 6. a3 Bf8 7. bxc3 d6 8. f4
c5 9. Nf3 Nc6 10. Bd3 h5 11. Qg3 dxe5 12. dxe5 h4 13. Qg4 h3 14. gxh3 Bd7 15.
Rb1 Qc7 16. O-O O-O-O 17. Ng5 Be8 18. Ne4 Nb8 19. Nd6+ Bxd6 20. exd6 Qxd6 21.
f5 Bd7 22. Bf4 e5 23. Be3 Qe7 24. Be4 b6 25. Qf3 Kc7 26. Rbd1 Bc6 27. Bxc6 Nxc6
28. f6 Qxf6 29. Qxf6 gxf6 30. Rxd8 Nxd8 31. Kg2 Rg8+ 32. Kf3 f5 33. Rg1 Rxg1
34. Bxg1 Ne6 35. h4 Ng7 36. Be3 f4 37. Bd2 f5 38. c4 Nh5 39. Bc3 e4+ 40. Kf2 f3
41. Be5+ Kd7 42. Bb8 f4 43. a4 Kc8 44. Be5 Kd7 45. Bb8 a6 46. Be5 Kd8 47. Bd6
Kc8 48. Be5 Kb7 49. Bd6 a5 50. Be5 Kc8 51. Bd6 Kd8 52. Be5 Kd7 53. Bb8 Ke6 54.
Bc7 Nf6 55. Bxf4 Ng4+ 56. Kg3 f2 57. Kg2 e3 58. Bg3 Ne5 59. h5 Nxc4 60. Bxf2
exf2 61. Kxf2 Kf6 62. h4 b5 63. h6 bxa4 {Gambler resigns} 0-1

[Event "ICS rated standard match"]
[Site "204.178.125.65"]
[Date "2000.08.06"]
[Round "?"]
[White "expert101"]
[Black "Hossa"]
[Result "1/2-1/2"]
[WhiteElo "2098"]
[BlackElo "2403"]
[PlyCount "120"]
[EventDate "2000.??.??"]

1. e4 e5 2. Nf3 d6 3. d4 exd4 4. Nxd4 g6 5. c4 Bg7 6. Nc3 Nf6 7. Be2 O-O 8. O-O
Re8 9. f3 Nfd7 10. Be3 Nc6 11. Nxc6 bxc6 12. Bd4 Bxd4+ 13. Qxd4 Bb7 14. Rad1
Nc5 15. Qd2 Qh4 16. Rfe1 Rab8 17. b3 a5 18. Bf1 Ne6 19. Ne2 Qh5 20. Nf4 Qc5+
21. Kh1 Qg5 22. Nxe6 Qxd2 23. Rxd2 Rxe6 24. c5 f5 25. Red1 d5 26. exf5 gxf5 27.
f4 Rbe8 28. g3 Kg7 29. Kg2 Re3 30. Bd3 Bc8 31. Kf2 R3e7 32. Re2 Rxe2+ 33. Bxe2
Re7 34. Bf3 Ba6 35. Rd4 Bb5 36. a4 Ba6 37. b4 axb4 38. Rxb4 Re8 39. Bd1 Re4 40.
Rxe4 fxe4 41. Ke3 Bc4 42. a5 Ba6 43. Be2 d4+ 44. Kxd4 Bxe2 45. Kxe4 Kf6 46. g4
Bxg4 47. a6 Bf5+ 48. Ke3 Bc8 49. a7 Bb7 50. Ke4 Ke6 51. f5+ Kf6 52. Kf4 Ba8 53.
Ke4 Ke7 54. Ke5 h6 55. f6+ Kf7 56. Kf5 Bb7 57. Ke5 Ba8 58. Kf5 Bb7 59. Ke5 Ba8
60. Kf5 Bb7 1/2-1/2

[Event "ICS rated standard match"]
[Site "204.178.125.65"]
[Date "2000.08.06"]
[Round "?"]
[White "Hossa"]
[Black "BrazilianMaster"]
[Result "0-1"]
[WhiteElo "2392"]
[BlackElo "2474"]
[PlyCount "140"]
[EventDate "2000.??.??"]

1. d4 f5 2. c4 Nf6 3. g3 d6 4. Nf3 e6 5. Bg2 Be7 6. O-O O-O 7. Nc3 Nc6 8. d5
exd5 9. cxd5 Ne5 10. Nd4 Bd7 11. Ne6 Bxe6 12. dxe6 Qc8 13. Qb3 c6 14. Bg5 d5
15. Bxf6 Rxf6 16. Rac1 Qf8 17. Bxd5 cxd5 18. Nxd5 Rh6 19. Rc7 Re8 20. Rxb7 Bd6
21. Rxa7 Kh8 22. e7 Qf7 23. Qa4 Bb8 24. Nc7 Nc6 25. Nxe8 Bxa7 26. Nc7 Qxe7 27.
Nb5 Bb8 28. Nd4 Nxd4 29. Qxd4 Rd6 30. Qc5 Qe6 31. Rc1 Rd8 32. Qa5 Re8 33. e3
Qg6 34. Qd5 Bd6 35. a3 Rd8 36. b4 Qf6 37. Qa2 Qe5 38. Rd1 Qe4 39. Qf7 Qc6 40.
Qxf5 Rf8 41. Qd5 Qc2 42. Qd2 Qf5 43. e4 Qf3 44. Qd3 Qxf2+ 45. Kh1 Be7 46. e5
Qb2 47. Qe3 Rf2 48. Kg1 Rg2+ 49. Kf1 Rxh2 50. Qf3 g5 51. e6 Qc2 52. Rd8+ Kg7
53. Rg8+ Kh6 54. Kg1 Rh3 55. Kf1 Qc1+ 56. Kg2 Qh1+ 57. Kf2 Rh2+ 58. Ke3 Qc1+
59. Ke4 Rd2 60. Kf5 Qc2+ 61. Kg4 Qc4+ 62. Kf5 Rd5+ 63. Qxd5 Qxd5+ 64. Kg4 Bd6
65. Rxg5 Qe4+ 66. Kh3 Kxg5 67. Kh2 Qe2+ 68. Kh1 Bxg3 69. Kg1 Qf2+ 70. Kh1 Qh2#
{Hossa checkmated} 0-1

[Event "ICS rated standard match"]
[Site "204.178.125.65"]
[Date "2000.08.06"]
[Round "?"]
[White "Hossa"]
[Black "stevesand"]
[Result "1-0"]
[WhiteElo "2380"]
[BlackElo "2034"]
[PlyCount "43"]
[EventDate "2000.??.??"]

1. d4 Nf6 2. Nf3 g6 3. c4 Bg7 4. g3 O-O 5. Bg2 c6 6. O-O d5 7. cxd5 cxd5 8. Nc3
Ne4 9. Nxe4 dxe4 10. Ne5 Nd7 11. Nxd7 Bxd7 12. d5 Bf5 13. Bg5 Qd7 14. Qd2 Rfc8
15. Rfc1 Rxc1+ 16. Rxc1 Rd8 17. Qb4 f6 18. Bf4 e5 19. dxe6 Qd1+ 20. Bf1 Bxe6
21. Rxd1 Rxd1 22. Qxb7 {stevesand resigns} 1-0

[Event "ICS rated standard match"]
[Site "204.178.125.65"]
[Date "2000.08.06"]
[Round "?"]
[White "Hossa"]
[Black "stevesand"]
[Result "0-1"]
[WhiteElo "2388"]
[BlackElo "2026"]
[PlyCount "144"]
[EventDate "2000.??.??"]

1. e4 c6 2. d4 d5 3. exd5 cxd5 4. Bd3 Nc6 5. Nf3 Bg4 6. c3 Nf6 7. h3 Bh5 8. g4
Bg6 9. Bxg6 hxg6 10. g5 Nh5 11. b4 e6 12. b5 Ne7 13. Ne5 Qa5 14. Qe2 Nf5 15.
Bd2 Qc7 16. b6 Qxb6 17. a4 a6 18. Nd3 Bd6 19. a5 Qc7 20. Qg4 O-O 21. Rg1 b6 22.
axb6 Qxb6 23. Ke2 Rfb8 24. Na3 a5 25. Rgb1 Qc6 26. Nc2 Rxb1 27. Rxb1 Rb8 28.
Rxb8+ Bxb8 29. Qg1 Qa4 30. Qb1 Bd6 31. Nce1 Qc4 32. Qb7 a4 33. Nf3 a3 34. Nfe5
Bxe5 35. Qa8+ Kh7 36. dxe5 a2 37. Qa3 Qe4+ 38. Kd1 Qxd3 39. Qxa2 Nf4 40. Qc2
Qxc2+ 41. Kxc2 Nxh3 42. f3 f6 43. gxf6 gxf6 44. exf6 e5 45. Kb2 Kg8 46. c4 d4
47. c5 Kf7 48. c6 Nd6 49. Kc2 Kxf6 50. Kd3 Ke6 51. Bb4 Nf4+ 52. Kc2 Nb5 53. Ba5
Kd6 54. Kb3 Kxc6 55. Be1 Kd5 56. Ka4 Nc3+ 57. Kb3 Nfe2 58. Kc2 Kc4 59. Bd2 d3+
60. Kb2 Nd1+ 61. Kb1 Nd4 62. f4 exf4 63. Bxf4 Nf3 64. Kc1 Nf2 65. Kb2 g5 66.
Bc7 g4 67. Ka3 d2 68. Kb2 d1=Q 69. Ka2 Qb3+ 70. Ka1 Nd3 71. Be5 Nd2 72. Bd6
Qb2# {Hossa checkmated} 0-1

[Event "ICS rated standard match"]
[Site "204.178.125.65"]
[Date "2000.08.07"]
[Round "?"]
[White "vitaly"]
[Black "Hossa"]
[Result "0-1"]
[WhiteElo "2086"]
[BlackElo "2360"]
[PlyCount "24"]
[EventDate "2000.??.??"]

1. e4 e5 2. Nf3 d6 3. Bc4 Be7 4. O-O Nf6 5. Re1 O-O 6. h3 Be6 7. Bxe6 fxe6 8.
c3 d5 9. exd5 e4 10. Ng5 Qxd5 11. d3 Rd8 12. Nd2 Qxg5 {vitaly resigns} 0-1

[Event "ICS rated standard match"]
[Site "204.178.125.65"]
[Date "2000.08.07"]
[Round "?"]
[White "HIG"]
[Black "Hossa"]
[Result "0-1"]
[WhiteElo "1925"]
[BlackElo "2365"]
[PlyCount "87"]
[EventDate "2000.??.??"]

1. e4 e5 2. Nf3 d6 3. Bc4 Be7 4. O-O Nf6 5. Re1 O-O 6. c3 Be6 7. Bb3 Nc6 8. d4
exd4 9. cxd4 d5 10. e5 Ne4 11. Nc3 Nxc3 12. bxc3 Bf5 13. Bc2 Bxc2 14. Qxc2 Qc8
15. Bg5 Qg4 16. Bxe7 Nxe7 17. h3 Qe6 18. Ng5 Qh6 19. f4 Qh4 20. Rf1 Rab8 21.
Rf2 Rfe8 22. Raf1 b6 23. Kh2 c5 24. g3 Qh6 25. h4 Rbc8 26. Qd3 Ra8 27. f5 f6
28. Ne6 cxd4 29. cxd4 Rac8 30. Rf4 Qh5 31. Kh3 Kh8 32. Nxg7 Kxg7 33. Rg4+ Kh8
34. exf6 Ng8 35. f7 Qxf7 36. Rg5 Nf6 37. Rf4 Ne4 38. Rgg4 Rc3 39. Qb5 Rc2 40.
Rxe4 dxe4 41. f6 Rxa2 42. d5 Rf2 43. Rg7 Qxf6 44. Qxe8+ {HIG resigns} 0-1